Balon d'or 2025 Top 30 - Statistics

General Stats
  • This quiz has been taken 218 times
  • The average score is 25 of 30
Answer Stats
Hint Answer % Correct
1. PSG Ousmane Dembélé
99%
2. Barcelona Lamine Yamal
98%
4. Liverpool Mohamed Salah
97%
7. Real Madrid Kylian Mbappé
96%
5. Barcelona Raphinha
94%
3. PSG Vitinha
94%
16. Real Madrid Vinícius Jr.
92%
13. Bayern Munich Harry Kane
91%
11. Barcelona Pedri
91%
8. Chelsea Cole Palmer
90%
26. Manchester City Erling Haaland
90%
6. PSG Achraf Hakimi
87%
9. PSG Gianluigi Donnarumma
87%
14. PSG Desire Doué
84%
29. Bayer Leverkusen Florian Wirtz
84%
10. PSG Nuno Mendes
84%
17. Barcelona Robert Lewandowski
83%
15. Sporting CP Viktor Gyökeres
83%
12. PSG Khvicha Kvaratskhelia
82%
28. Liverpool Virgil van Dijk
82%
19. PSG João Neves
81%
23. Real Madrid Jude Bellingham
81%
20. Inter-Milan Lautaro Martínez
81%
27. Arsenal Declan Rice
80%
30. Bayern Munich Michael Olise
76%
18. Napoli Scott McTominay
72%
24. PSG Fabián Ruiz
69%
21. Borussia Dortmund Serhou Guirassy
66%
22. Liverpool Alexis Mac Allister
56%
25. Inter-Milan Denzel Dumfries
49%
No matching quizzes found
Score Distribution
Percent of People with Each Score
Percentile by Number Answered
Your Score History
You have not taken this quiz